<?xml version="1.0" encoding="UTF-8"?>
<record
    xmlns:xsi="http://www.w3.org/2001/XMLSchema-instance"
    xsi:schemaLocation="http://www.loc.gov/MARC21/slim http://www.loc.gov/standards/marcxml/schema/MARC21slim.xsd"
    xmlns="http://www.loc.gov/MARC21/slim">

  <leader>03719njm a2200553Ia 4500</leader>
  <controlfield tag="001">E4295</controlfield>
  <controlfield tag="003">IT-RoPAU</controlfield>
  <controlfield tag="005">20220918181114.0</controlfield>
  <controlfield tag="008">131025s9999    xx            000 0 und d</controlfield>
  <datafield tag="040" ind1=" " ind2=" ">
    <subfield code="a">IT-RoPAU</subfield>
  </datafield>
  <datafield tag="040" ind1=" " ind2=" ">
    <subfield code="c">IT-RoPAU</subfield>
  </datafield>
  <datafield tag="999" ind1=" " ind2=" ">
    <subfield code="c">99268</subfield>
    <subfield code="d">99268</subfield>
  </datafield>
  <datafield tag="999" ind1=" " ind2=" ">
    <subfield code="b">n.d.</subfield>
  </datafield>
  <datafield tag="100" ind1=" " ind2=" ">
    <subfield code="a">AA.VV.</subfield>
    <subfield code="9">794</subfield>
  </datafield>
  <datafield tag="100" ind1=" " ind2=" ">
    <subfield code="e">Autore musica</subfield>
    <subfield code="9">31733</subfield>
  </datafield>
  <datafield tag="100" ind1=" " ind2=" ">
    <subfield code="g">Codice autore musica SPICS: 12000</subfield>
    <subfield code="9">796</subfield>
  </datafield>
  <datafield tag="245" ind1=" " ind2=" ">
    <subfield code="a">Black California</subfield>
  </datafield>
  <datafield tag="250" ind1=" " ind2=" ">
    <subfield code="a">2a ed.</subfield>
  </datafield>
  <datafield tag="260" ind1=" " ind2=" ">
    <subfield code="a">MILANO</subfield>
  </datafield>
  <datafield tag="260" ind1=" " ind2=" ">
    <subfield code="b">RUSCONI</subfield>
    <subfield code="c">1997 [1a Ed.:]</subfield>
  </datafield>
  <datafield tag="300" ind1=" " ind2=" ">
    <subfield code="a">COMPACT DISC</subfield>
  </datafield>
  <datafield tag="300" ind1=" " ind2=" ">
    <subfield code="c">69 minuti (Testo:  pag.)</subfield>
  </datafield>
  <datafield tag="500" ind1=" " ind2=" ">
    <subfield code="a">Musica jazz. Cd fuori commercio allegato al n. 2 1997 della rivista "Musica jazz". Versante Afroamericano del West Coast Jazz</subfield>
  </datafield>
  <datafield tag="505" ind1=" " ind2=" ">
    <subfield code="a">Move [(Los Angeles, Hula Hut Club, 27 agosto 1950) (8:00)] - Santa Monica [(Los Angeles, 13 febbraio 1956) (4:00)] - Blues the Most [(Los Angeles, 28 giugno 1955) (6:00)] - Cheek To Cheek [(Los Angeles, 26 marzo 1957) (9:00)] - Paul's Cause [(Los Angeles, 20 febbraio 1953) (4:00)] - Passepartout [(Hollywood, 12 giugno 1957) (6:00)] - The Fox [(Los Angeles, agosto 1959) (6:00)] - Body and Soul [(Los Angeles, aprile 1951) (4:00)] - Walk On [(Los Angeles, 15 luglio 1957) (9:00)] - G.W. [(New York, 1 aprile 1960) (8:00)] - Jayne [(Los Angeles, 10 febbraio 1958) (8:00)]</subfield>
  </datafield>
  <datafield tag="511" ind1=" " ind2=" ">
    <subfield code="a">Terry Clark: tr; Criss Sonny: alto; Gray Wardell: ten; Gordon Dexter: ten; Bunn Jimmy: p; Hadnott Billy: cb; Thompson Chuck: batt</subfield>
  </datafield>
  <datafield tag="511" ind1=" " ind2=" ">
    <subfield code="a">Wilson Gerald: tr; Wells David: trne; Collette Buddy: alto; Green William: alto; Grant Jewell: batt; Freeman Ernie: p; Callender Red: cb; Albright Max: batt</subfield>
  </datafield>
  <datafield tag="511" ind1=" " ind2=" ">
    <subfield code="a">Hawes Hampton: p; Mitchell Red: cb; Thompson Chuck: batt</subfield>
  </datafield>
  <datafield tag="511" ind1=" " ind2=" ">
    <subfield code="a">Clay James: ten; Geller Lorraine: p; Mitchell Red: cb; Higgins Billy: batt</subfield>
  </datafield>
  <datafield tag="511" ind1=" " ind2=" ">
    <subfield code="a">Morgan Frank: alto; Clark Sonny: p; Charles Teddy: vib; Nivison Dick: cb; Marable Lawrence: batt</subfield>
  </datafield>
  <datafield tag="511" ind1=" " ind2=" ">
    <subfield code="a">Wiggins Gerald: p; Wright Eugene: cb; Douglass Bill: batt</subfield>
  </datafield>
  <datafield tag="511" ind1=" " ind2=" ">
    <subfield code="a">Bolton Dupree: tr; Land Harold: ten; Hope Elmo: p; Lewis Herbie: cb; Butler Frank: batt</subfield>
  </datafield>
  <datafield tag="511" ind1=" " ind2=" ">
    <subfield code="a">Spaulding Givens alias Qamar Nadi: p; Mingus Charles: cb</subfield>
  </datafield>
  <datafield tag="511" ind1=" " ind2=" ">
    <subfield code="a">Wilson Gerald: tr; Edwards Teddy: ten; Perkins Carl: p; Feldman Victor: vib; Vinnegar Leroy: cb; Bazley Tony: batt</subfield>
  </datafield>
  <datafield tag="511" ind1=" " ind2=" ">
    <subfield code="a">Hubbard Freddie: tr; Dolphy Eric: alto; Byard Jaki: p; Tucker George: cb; Haynes Roy: batt</subfield>
  </datafield>
  <datafield tag="511" ind1=" " ind2=" ">
    <subfield code="a">Cherry Don: tr; Coleman Ornette: alto; Norris Walter: p; Payne Don: cb; Hggins Billy: batt</subfield>
  </datafield>
  <datafield tag="650" ind1=" " ind2=" ">
    <subfield code="a">JAZZ [COMPACT DISC]</subfield>
    <subfield code="e">Codice MATERIA SPICS: 9949</subfield>
    <subfield code="9">11822</subfield>
  </datafield>
  <datafield tag="700" ind1=" " ind2=" ">
    <subfield code="a">AA.VV.</subfield>
    <subfield code="g">Codice interprete SPICS: 12000</subfield>
    <subfield code="e">Interprete</subfield>
    <subfield code="9">31734</subfield>
  </datafield>
  <datafield tag="700" ind1=" " ind2=" ">
    <subfield code="a">Best Denzil</subfield>
    <subfield code="g">Codice autore musica SPICS: 24586</subfield>
    <subfield code="e">Autore musica</subfield>
    <subfield code="p">Move</subfield>
    <subfield code="9">31735</subfield>
  </datafield>
  <datafield tag="700" ind1=" " ind2=" ">
    <subfield code="a">Collette Buddy</subfield>
    <subfield code="g">Codice autore musica SPICS: 48260</subfield>
    <subfield code="e">Autore musica</subfield>
    <subfield code="p">Santa Monica</subfield>
    <subfield code="9">31736</subfield>
  </datafield>
  <datafield tag="700" ind1=" " ind2=" ">
    <subfield code="a">Hawes Hampton</subfield>
    <subfield code="g">Codice autore musica SPICS: 13245</subfield>
    <subfield code="e">Autore musica</subfield>
    <subfield code="p">Blues the Most</subfield>
    <subfield code="9">31737</subfield>
  </datafield>
  <datafield tag="700" ind1=" " ind2=" ">
    <subfield code="a">Berlin Irving</subfield>
    <subfield code="g">Codice autore musica SPICS: 14042</subfield>
    <subfield code="e">Autore musica</subfield>
    <subfield code="p">Cheek To Cheek</subfield>
    <subfield code="9">31738</subfield>
  </datafield>
  <datafield tag="700" ind1=" " ind2=" ">
    <subfield code="a">Charles Teddy</subfield>
    <subfield code="g">Codice autore musica SPICS: 16384</subfield>
    <subfield code="e">Autore musica</subfield>
    <subfield code="p">Paul's Cause</subfield>
    <subfield code="9">31739</subfield>
  </datafield>
  <datafield tag="700" ind1=" " ind2=" ">
    <subfield code="a">Young Victor</subfield>
    <subfield code="g">Codice autore musica SPICS: 11205</subfield>
    <subfield code="e">Autore musica</subfield>
    <subfield code="p">Passepartout</subfield>
    <subfield code="9">31740</subfield>
  </datafield>
  <datafield tag="700" ind1=" " ind2=" ">
    <subfield code="a">Land Harold</subfield>
    <subfield code="g">Codice autore musica SPICS: 13242</subfield>
    <subfield code="e">Autore musica</subfield>
    <subfield code="p">The Fox</subfield>
    <subfield code="9">31741</subfield>
  </datafield>
  <datafield tag="700" ind1=" " ind2=" ">
    <subfield code="a">AA.VV.</subfield>
    <subfield code="g">Codice autore musica SPICS: 12000</subfield>
    <subfield code="e">Autore musica</subfield>
    <subfield code="p">Body and Soul</subfield>
    <subfield code="9">31742</subfield>
  </datafield>
  <datafield tag="700" ind1=" " ind2=" ">
    <subfield code="a">Vinnegar Leroy</subfield>
    <subfield code="g">Codice autore musica SPICS: 13241</subfield>
    <subfield code="e">Autore musica</subfield>
    <subfield code="p">Walk On</subfield>
    <subfield code="9">31743</subfield>
  </datafield>
  <datafield tag="700" ind1=" " ind2=" ">
    <subfield code="a">Dolphy Eric</subfield>
    <subfield code="g">Codice autore musica SPICS: 16406</subfield>
    <subfield code="e">Autore musica</subfield>
    <subfield code="p">G.W</subfield>
    <subfield code="9">31744</subfield>
  </datafield>
  <datafield tag="700" ind1=" " ind2=" ">
    <subfield code="a">Coleman Ornette</subfield>
    <subfield code="g">Codice autore musica SPICS: 10832</subfield>
    <subfield code="e">Autore musica</subfield>
    <subfield code="p">Jayne</subfield>
    <subfield code="9">31745</subfield>
  </datafield>
  <datafield tag="942" ind1=" " ind2=" ">
    <subfield code="c">CD</subfield>
    <subfield code="2">ddc</subfield>
  </datafield>
  <datafield tag="952" ind1=" " ind2=" ">
    <subfield code="0">0</subfield>
    <subfield code="1">0</subfield>
    <subfield code="4">0</subfield>
    <subfield code="6">E_4295_000000000000000</subfield>
    <subfield code="7">1</subfield>
    <subfield code="a">SPICS</subfield>
    <subfield code="b">SPICS</subfield>
    <subfield code="d">2013-10-25</subfield>
    <subfield code="l">0</subfield>
    <subfield code="o">E4295</subfield>
    <subfield code="r">2013-10-25 00:00:00</subfield>
    <subfield code="w">2013-10-25</subfield>
    <subfield code="y">CD</subfield>
    <subfield code="z">Progr. Ins.: 2524 / N.Vol.: 1 / Copie: 1 - Copia rara: n.d. / date import: 01.01.2014 - By Epidotti, Trombetti, Vaglietti</subfield>
  </datafield>
</record>
